Culture Générale - Série 2646 - Statistiques

Statistiques générales
  • Ce quiz a été pris 61 fois
  • Le résultat moyen est 4 sur 10
Statistiques - réponses
Question Réponse % Correct
Film de 1942 et grande ville du Maghreb Casablanca
75%
Dans quel art peut-on utiliser un didjeridoo ? musique
70%
Dans quel pays se trouve Davos, réputée pour être la ville la plus élevée d'Europe ? Suisse
67%
Ce mot désigne une œuvre musicale et théâtrale - un navigateur Web - un gâteau au chocolat opera
60%
Fécule extraite de la racine de manioc - nom du général de fiction dans plusieurs BD de Tintin tapioca
53%
Complétez le titre du film réalisé en 1960 par Philippe Agostini et Raymond Léopold Bruckberge : "Le dialogue des ... carmélites
19%
Chercher, s'introduire partout avec curiosité dans l'espoir d'une découverte - synonymes :fouiller,fouiner fureter
14%
Petit récipient en bois ou en terre, rond et creux. Il sert en particulier aux pauvres à recevoir l'aumône ou à collecter l'offrande lors d'une cérémonie religieuse sébile
9%
Oiseau nageur de haute mer, au vol bas et rapide, dont la présence passe pour annoncer aux navigateurs l'approche des tempêtes - 6 lettres commençant par " p " pétrel
5%
Le Passerin nonpareil , est une espèce de passereau de la famille des Cardinalidae, appelé aussi "pape de ... Louisiane
0%
Aucun quiz correspondant
Distribution des résultats
% des personnes avec chaque résultat
Percentile par nombre de réponses
Votre historique - résultats
Vous n’avez pas pris ce quiz